Academias de historia de México : (Record no. 256)

MARC details
000 -CABECERA
campo de control de longitud fija 00779nam a2200229 a 4500
003 - IDENTIFICADOR DEL NÚMERO DE CONTROL
campo de control MX-MxUPN
005 - FECHA Y HORA DE LA ÚLTIMA TRANSACCIÓN
campo de control 20220617125943.0
008 - ELEMENTOS DE LONGITUD FIJA--INFORMACIÓN GENERAL
campo de control de longitud fija 991125s1966 mx a r 000 0 spa d
035 ## - NÚMERO DE CONTROL DEL SISTEMA
Número de control de sistema UPN01000000256
040 ## - FUENTE DE LA CATALOGACIÓN
Centro catalogador/agencia de origen MX-MxUPN
Lengua de catalogación spa
Centro/agencia transcriptor MX-MxUPN
041 0# - CÓDIGO DE IDIOMA
Código de lengua del texto/banda sonora o título independiente spa
050 #4 - SIGNATURA TOPOGRÁFICA DE LA BIBLIOTECA DEL CONGRESO
Número de clasificación LB1641 M62
Número de documento/Ítem G62
100 1# - ASIENTO PRINCIPAL--NOMBRE PERSONAL
Nombre de persona González Blackaller, Ciro E.
9 (RLIN) 28542
100 1# - ASIENTO PRINCIPAL--NOMBRE PERSONAL
Nombre de persona Guevara Ramírez, Luis
9 (RLIN) 28757
245 10 - MENCIÓN DE TÍTULO
Título Academias de historia de México :
Resto del título segundo grado
260 ## - PUBLICACIÓN, DISTRIBUCIÓN, ETC.
Lugar de publicación, distribución, etc. México :
Nombre del editor, distribuidor, etc. Herrero,
Fecha de publicación, distribución, etc. 1966.
300 ## - DESCRIPCIÓN FÍSICA
Extensión 183 páginas :
Otras características físicas ilustraciones.
500 ## - NOTA GENERAL
Nota general "Un curso para el segundo grado del ciclo básico de la segunda enseñanza"
651 #4 - ASIENTO SECUNDARIO DE MATERIA - NOMBRE GEOGRAFICO
Nombre geográfico México
Subdivisión general Historia
-- Estudio y enseñanza (Secundaria)
9 (RLIN) 9913
651 #4 - ASIENTO SECUNDARIO DE MATERIA - NOMBRE GEOGRAFICO
Nombre geográfico México
Subdivisión general Historia
Subdivisión de forma Libros de texto
9 (RLIN) 44476
905 ## - TIPO DE MATERIAL
Tipo de material Libro
Holdings
Estado de retiro Estado de pérdida Fuente del sistema de clasificación o colocación Estado dañado No para préstamo Código de colección Localización permanente Ubicación/localización actual Ubicación en estantería Fecha de adquisición Clasificación Código de barras Fecha visto por última vez Número de copia Tipo de ítem Koha
    Library of Congress Classification   Disponible (Préstamo en sala) Libros de texto Bib. Gregorio Torres Quintero Bib. Gregorio Torres Quintero Colecciones especiales Planta alta 02/06/2022 LB1641 M62 G62 122153 31/12/2020 Ej. 2 Libro
    Library of Congress Classification   Disponible (Préstamo en sala) Libros de texto Bib. Gregorio Torres Quintero Bib. Gregorio Torres Quintero Colecciones especiales Planta alta 02/06/2022 LB1641 M62 G62 45426 31/12/2020   Libro